| 000 | 00491nam a2200229Ia 4500 | ||
|---|---|---|---|
| 001 | 067837 | ||
| 003 | YMCAF | ||
| 005 | 20230512160454.0 | ||
| 008 | 100717s9999 ||||||||||||||||| ||und|d | ||
| 020 | _a- | ||
| 024 | _a67837 | ||
| 035 | _a7300 | ||
| 040 |
_aYMCAF _beng _cIN-KoLT |
||
| 041 | _aeng | ||
| 082 |
_a604.209 _b2 TTP |
||
| 100 | _aTTP, LAHORE | ||
| 245 | 0 | _aTRADE PRACTICE, 2 DRAFTSMAN MECHANICAL | |
| 250 | _a- | ||
| 300 | _a78 | ||
| 653 | _aMechanical | ||
| 942 |
_2ddc _cBK |
||
| 999 |
_c4746 _d4746 |
||